000
00271 a2200145 4500
001
175700
020
_a
040
_c
Magnum
100
_a
4 Serie
240
1
0
_a
Albatroz
_l
por
245
1
0
_a
Albatroz
362
0
_a
1899
697
_a
MAGNITO: IJ/POESIA
942
_c
BK
999
_c
175700
_d
175700